Carlos I (Record no. 164046)
[ view plain ]
| 000 -LEADER | |
|---|---|
| campo de control de longitud fija | 00839nam a22002055i 4500 |
| 001 - NÚMERO DE CONTROL | |
| campo de control | 164046 |
| 003 - IDENTIFICADOR DE NÚMERO DE CONTROL | |
| campo de control | ES-MaACL |
| 005 - FECHA Y HORA DE LA ÚLTIMA TRANSACCIÓN | |
| campo de control | 20250915063059.0 |
| 008 - DATOS DE LONGITUD FIJA--INFORMACIÓN GENERAL | |
| campo de control de longitud fija | 021008s1894 sp |||| | cat d |
| 040 ## - FUENTE DE CATALOGACIÓN | |
| Centro catalogador/agencia de origen | CAM |
| Lengua de catalogación | spa |
| Centro/agencia transcriptor | CAM |
| 100 1# - ENTRADA PRINCIPAL--NOMBRE DE PERSONA | |
| Nombre de persona | Rovira y Serra, Manuel, |
| Fechas asociadas al nombre | 1865-1929 |
| 9 (RLIN) | 132129 |
| 245 10 - MENCIÓN DEL TÍTULO | |
| Título | Carlos I |
| Resto del título | : comedia en un acte y en prosa / |
| Mención de responsabilidad, etc. | original de Manel Rovira y Serra. |
| 260 ## - PUBLICACIÓN, DISTRIBUCIÓN, ETC. | |
| Lugar de publicación, distribución, etc. | Barcelona : |
| Nombre del editor, distribuidor, etc. | [Arxiu de Joan Molas y Casas], |
| Fecha de publicación, distribución, etc. | 1894 ( |
| Fabricante | Imprempta de Henrich y cª) |
| 300 ## - DESCRIPCIÓN FÍSICA | |
| Extensión | 44 p. ; |
| Dimensiones | 21 cm. |
| 500 ## - NOTA GENERAL | |
| Nota general | Estrenada en el Teatro Romea de Barcelona el día 24 de noviembre de 1893. |
| 596 ## - NOTA AL PIE DE IMPRENTA | |
| NOTA AL PIE DE IMPRENTA | Ed. tomado de la cub. |
| 752 ## - ENTRADA AGREGADA--NOMBRE JERÁRQUICO DEL LUGAR | |
| País o entidad superior | Madrid - |
| Ciudad | Barcelona |
| 852 ## - LOCALIZACIÓN | |
| Ubicación | ES-MaACL |
| Número de control de estantería | G-3518(5) |
| Nota libre | -- Enc. tela roja con hierros dorados, falto de la cub. original |
| -- | -- Enc. en un vol. facticio. |
| Estatus retirado | Estado de pérdida | Estado de daño | No para préstamo | Colección | Biblioteca de origen | Biblioteca actual | Ubicación en estantería | Fecha de adquisición | Fuente de adquisición | Total de préstamos | Signatura topográfica completa | Código de barras | Visto por última vez | Precio de reemplazo | Tipo de ítem Koha |
|---|---|---|---|---|---|---|---|---|---|---|---|---|---|---|---|
| Libros del s. XIX | Biblioteca del Ateneo de Madrid | Biblioteca del Ateneo de Madrid | Depósito 2 | 17/01/2008 | G-3518(5) | 1171929 | 23/02/2023 | 23/02/2023 | Libro impreso antiguo |
